00815nam a2200205 i 450000100060000000300090000600500170001500700030003200800410003510000430007624500460011926000810016530000380024649000380028460000420032283000460036485200560041099900170046695201260048348568ES-MaACL20260305133225.0t|030822s1897 fr ||||1| fre d1 aBarine, Arvède (d1840-1908)912582010aAlfred de Musset / cpar Arvède Barine. aParis : bLibrairie Hachette et Cie., c1897 (eCoulommiers :fPaul Brodard) a182 p. [1] h. de lám ; c19 cm.1 ales grands écrivains français 0aMusset, Alfred de,d1810-185792233450 ales grands écrivains français9182230 aES-MaACLjB-3183(2) z.- Encuadernado con otra obra c48568d48568 001040708LIBXIXaATENEOMbATENEOMcSPBd2008-01-17eSCl0oB-3183(2)p1051112r2023-02-23 00:00:00w2023-02-23yMONANT